000 00296nam a22001337a 4500
008 170803b xxu||||| |||| 00| 0 eng d
020 _a9780789565143
041 _aeng
080 _a004
100 _a32
101 _aSHK
245 _aDISCOVERING COMPUTERS 2003
_cSHELLY,B.G
942 _2udc
_cBK
999 _c22620
_d22620